<?xml version="1.0" encoding="UTF-8"?>
<record
    xmlns:xsi="http://www.w3.org/2001/XMLSchema-instance"
    xsi:schemaLocation="http://www.loc.gov/MARC21/slim http://www.loc.gov/standards/marcxml/schema/MARC21slim.xsd"
    xmlns="http://www.loc.gov/MARC21/slim">

  <leader>00927cam a2200277 a 4500</leader>
  <datafield tag="999" ind1=" " ind2=" ">
    <subfield code="c">529255</subfield>
    <subfield code="d">529255</subfield>
  </datafield>
  <controlfield tag="001">2543591</controlfield>
  <controlfield tag="005">20190923144542.0</controlfield>
  <controlfield tag="008">941014s1995    njua          001 0 eng  </controlfield>
  <datafield tag="010" ind1=" " ind2=" ">
    <subfield code="a">   94041381 </subfield>
  </datafield>
  <datafield tag="020" ind1=" " ind2=" ">
    <subfield code="a">978-0136077909</subfield>
  </datafield>
  <datafield tag="020" ind1=" " ind2=" ">
    <subfield code="a">0136077900</subfield>
  </datafield>
  <datafield tag="040" ind1=" " ind2=" ">
    <subfield code="a">DLC</subfield>
    <subfield code="c">DLC</subfield>
    <subfield code="d">DLC</subfield>
  </datafield>
  <datafield tag="050" ind1="0" ind2="0">
    <subfield code="a">TA350</subfield>
    <subfield code="b">.H48 1995</subfield>
  </datafield>
  <datafield tag="082" ind1="0" ind2="0">
    <subfield code="a">620.103</subfield>
    <subfield code="2">20</subfield>
    <subfield code="b">HIB</subfield>
  </datafield>
  <datafield tag="100" ind1="1" ind2=" ">
    <subfield code="a">Hibbeler, R. C.</subfield>
    <subfield code="9">1019</subfield>
  </datafield>
  <datafield tag="245" ind1="1" ind2="0">
    <subfield code="a">Engineering mechanics statics</subfield>
    <subfield code="c">R.C. Hibbeler.</subfield>
  </datafield>
  <datafield tag="246" ind1="1" ind2="4">
    <subfield code="a">Engineering mechanics--statics and dynamics</subfield>
  </datafield>
  <datafield tag="250" ind1=" " ind2=" ">
    <subfield code="a">12th ed.</subfield>
  </datafield>
  <datafield tag="260" ind1=" " ind2=" ">
    <subfield code="a">Englewood Cliffs, N.J. :</subfield>
    <subfield code="b">Upper Saddle River,</subfield>
    <subfield code="c">c2010.</subfield>
  </datafield>
  <datafield tag="300" ind1=" " ind2=" ">
    <subfield code="a">655 p. :</subfield>
    <subfield code="b">col. ill. ;</subfield>
    <subfield code="c">25 cm.</subfield>
  </datafield>
  <datafield tag="500" ind1=" " ind2=" ">
    <subfield code="a">Includes index.</subfield>
  </datafield>
  <datafield tag="650" ind1=" " ind2="0">
    <subfield code="a">Mechanics, Applied.</subfield>
    <subfield code="9">13090</subfield>
  </datafield>
  <datafield tag="906" ind1=" " ind2=" ">
    <subfield code="a">7</subfield>
    <subfield code="b">cbc</subfield>
    <subfield code="c">orignew</subfield>
    <subfield code="d">1</subfield>
    <subfield code="e">ocip</subfield>
    <subfield code="f">19</subfield>
    <subfield code="g">y-gencatlg</subfield>
  </datafield>
  <datafield tag="942" ind1=" " ind2=" ">
    <subfield code="2">ddc</subfield>
    <subfield code="c">BK</subfield>
  </datafield>
  <datafield tag="952" ind1=" " ind2=" ">
    <subfield code="0">0</subfield>
    <subfield code="1">0</subfield>
    <subfield code="2">ddc</subfield>
    <subfield code="4">0</subfield>
    <subfield code="7">0</subfield>
    <subfield code="a">NIT</subfield>
    <subfield code="b">NIT</subfield>
    <subfield code="d">2019-09-23</subfield>
    <subfield code="l">0</subfield>
    <subfield code="o">620.103 HIB</subfield>
    <subfield code="p">NIT-BB1910</subfield>
    <subfield code="r">2019-09-23</subfield>
    <subfield code="w">2019-09-23</subfield>
    <subfield code="y">BK</subfield>
  </datafield>
  <datafield tag="952" ind1=" " ind2=" ">
    <subfield code="0">0</subfield>
    <subfield code="1">0</subfield>
    <subfield code="2">ddc</subfield>
    <subfield code="4">0</subfield>
    <subfield code="7">0</subfield>
    <subfield code="a">NIT</subfield>
    <subfield code="b">NIT</subfield>
    <subfield code="d">2019-09-23</subfield>
    <subfield code="l">1</subfield>
    <subfield code="o">620.103 HIB</subfield>
    <subfield code="p">NIT-BB1911</subfield>
    <subfield code="r">2020-10-21</subfield>
    <subfield code="s">2020-01-23</subfield>
    <subfield code="w">2019-09-23</subfield>
    <subfield code="y">BK</subfield>
  </datafield>
  <datafield tag="952" ind1=" " ind2=" ">
    <subfield code="0">0</subfield>
    <subfield code="1">0</subfield>
    <subfield code="2">ddc</subfield>
    <subfield code="4">0</subfield>
    <subfield code="7">0</subfield>
    <subfield code="a">NIT</subfield>
    <subfield code="b">NIT</subfield>
    <subfield code="d">2019-09-23</subfield>
    <subfield code="l">6</subfield>
    <subfield code="m">1</subfield>
    <subfield code="o">620.103 HIB</subfield>
    <subfield code="p">NIT-BB1912</subfield>
    <subfield code="q">2026-06-12</subfield>
    <subfield code="r">2026-02-12</subfield>
    <subfield code="s">2026-02-12</subfield>
    <subfield code="w">2019-09-23</subfield>
    <subfield code="y">BK</subfield>
  </datafield>
  <datafield tag="952" ind1=" " ind2=" ">
    <subfield code="0">0</subfield>
    <subfield code="1">0</subfield>
    <subfield code="2">ddc</subfield>
    <subfield code="4">0</subfield>
    <subfield code="7">0</subfield>
    <subfield code="a">NIT</subfield>
    <subfield code="b">NIT</subfield>
    <subfield code="d">2019-09-23</subfield>
    <subfield code="l">6</subfield>
    <subfield code="m">1</subfield>
    <subfield code="o">620.103 HIB</subfield>
    <subfield code="p">NIT-BB1913</subfield>
    <subfield code="q">2026-02-19</subfield>
    <subfield code="r">2026-01-20</subfield>
    <subfield code="s">2026-01-20</subfield>
    <subfield code="w">2019-09-23</subfield>
    <subfield code="y">BK</subfield>
  </datafield>
  <datafield tag="952" ind1=" " ind2=" ">
    <subfield code="0">0</subfield>
    <subfield code="1">0</subfield>
    <subfield code="2">ddc</subfield>
    <subfield code="4">0</subfield>
    <subfield code="7">0</subfield>
    <subfield code="a">NIT</subfield>
    <subfield code="b">NIT</subfield>
    <subfield code="d">2019-09-23</subfield>
    <subfield code="l">4</subfield>
    <subfield code="m">1</subfield>
    <subfield code="o">620.103 HIB</subfield>
    <subfield code="p">NIT-BB1914</subfield>
    <subfield code="r">2025-06-05</subfield>
    <subfield code="s">2025-02-07</subfield>
    <subfield code="w">2019-09-23</subfield>
    <subfield code="y">BK</subfield>
  </datafield>
  <datafield tag="952" ind1=" " ind2=" ">
    <subfield code="0">0</subfield>
    <subfield code="1">0</subfield>
    <subfield code="2">ddc</subfield>
    <subfield code="4">0</subfield>
    <subfield code="7">0</subfield>
    <subfield code="a">NIT</subfield>
    <subfield code="b">NIT</subfield>
    <subfield code="d">2019-09-23</subfield>
    <subfield code="l">3</subfield>
    <subfield code="m">1</subfield>
    <subfield code="o">620.103 HIB</subfield>
    <subfield code="p">NIT-BB1915</subfield>
    <subfield code="r">2022-07-21</subfield>
    <subfield code="s">2022-04-05</subfield>
    <subfield code="w">2019-09-23</subfield>
    <subfield code="y">BK</subfield>
  </datafield>
  <datafield tag="952" ind1=" " ind2=" ">
    <subfield code="0">0</subfield>
    <subfield code="1">0</subfield>
    <subfield code="2">ddc</subfield>
    <subfield code="4">0</subfield>
    <subfield code="7">0</subfield>
    <subfield code="a">NIT</subfield>
    <subfield code="b">NIT</subfield>
    <subfield code="d">2019-09-23</subfield>
    <subfield code="l">2</subfield>
    <subfield code="o">620.103 HIB</subfield>
    <subfield code="p">NIT-BB1916</subfield>
    <subfield code="r">2024-01-12</subfield>
    <subfield code="s">2023-10-04</subfield>
    <subfield code="w">2019-09-23</subfield>
    <subfield code="y">BK</subfield>
  </datafield>
  <datafield tag="952" ind1=" " ind2=" ">
    <subfield code="0">0</subfield>
    <subfield code="1">0</subfield>
    <subfield code="2">ddc</subfield>
    <subfield code="4">0</subfield>
    <subfield code="7">0</subfield>
    <subfield code="a">NIT</subfield>
    <subfield code="b">NIT</subfield>
    <subfield code="d">2019-09-23</subfield>
    <subfield code="l">3</subfield>
    <subfield code="o">620.103 HIB</subfield>
    <subfield code="p">NIT-BB1917</subfield>
    <subfield code="r">2025-01-27</subfield>
    <subfield code="s">2024-03-19</subfield>
    <subfield code="w">2019-09-23</subfield>
    <subfield code="y">BK</subfield>
  </datafield>
  <datafield tag="952" ind1=" " ind2=" ">
    <subfield code="0">0</subfield>
    <subfield code="1">0</subfield>
    <subfield code="2">ddc</subfield>
    <subfield code="4">0</subfield>
    <subfield code="7">0</subfield>
    <subfield code="a">NIT</subfield>
    <subfield code="b">NIT</subfield>
    <subfield code="d">2019-09-23</subfield>
    <subfield code="l">5</subfield>
    <subfield code="m">4</subfield>
    <subfield code="o">620.103 HIB</subfield>
    <subfield code="p">NIT-BB1918</subfield>
    <subfield code="r">2024-04-04</subfield>
    <subfield code="s">2023-09-21</subfield>
    <subfield code="w">2019-09-23</subfield>
    <subfield code="y">BK</subfield>
  </datafield>
  <datafield tag="952" ind1=" " ind2=" ">
    <subfield code="0">0</subfield>
    <subfield code="1">0</subfield>
    <subfield code="2">ddc</subfield>
    <subfield code="4">0</subfield>
    <subfield code="7">0</subfield>
    <subfield code="a">NIT</subfield>
    <subfield code="b">NIT</subfield>
    <subfield code="d">2019-09-23</subfield>
    <subfield code="l">2</subfield>
    <subfield code="o">620.103 HIB</subfield>
    <subfield code="p">NIT-BB1919</subfield>
    <subfield code="r">2024-01-15</subfield>
    <subfield code="s">2023-10-30</subfield>
    <subfield code="w">2019-09-23</subfield>
    <subfield code="y">BK</subfield>
  </datafield>
  <datafield tag="952" ind1=" " ind2=" ">
    <subfield code="0">0</subfield>
    <subfield code="1">0</subfield>
    <subfield code="2">ddc</subfield>
    <subfield code="4">0</subfield>
    <subfield code="7">0</subfield>
    <subfield code="a">NIT</subfield>
    <subfield code="b">NIT</subfield>
    <subfield code="d">2019-09-23</subfield>
    <subfield code="l">2</subfield>
    <subfield code="o">620.103 HIB</subfield>
    <subfield code="p">NIT-BB1920</subfield>
    <subfield code="r">2025-09-09</subfield>
    <subfield code="s">2023-10-04</subfield>
    <subfield code="w">2019-09-23</subfield>
    <subfield code="y">BK</subfield>
  </datafield>
  <datafield tag="952" ind1=" " ind2=" ">
    <subfield code="0">0</subfield>
    <subfield code="1">0</subfield>
    <subfield code="2">ddc</subfield>
    <subfield code="4">0</subfield>
    <subfield code="7">0</subfield>
    <subfield code="a">NIT</subfield>
    <subfield code="b">NIT</subfield>
    <subfield code="d">2019-09-23</subfield>
    <subfield code="l">2</subfield>
    <subfield code="m">1</subfield>
    <subfield code="o">620.103 HIB</subfield>
    <subfield code="p">NIT-BB1921</subfield>
    <subfield code="r">2024-01-29</subfield>
    <subfield code="s">2020-08-04</subfield>
    <subfield code="w">2019-09-23</subfield>
    <subfield code="y">BK</subfield>
  </datafield>
  <datafield tag="952" ind1=" " ind2=" ">
    <subfield code="0">0</subfield>
    <subfield code="1">0</subfield>
    <subfield code="2">ddc</subfield>
    <subfield code="4">0</subfield>
    <subfield code="7">0</subfield>
    <subfield code="a">NIT</subfield>
    <subfield code="b">NIT</subfield>
    <subfield code="d">2019-09-23</subfield>
    <subfield code="l">1</subfield>
    <subfield code="m">1</subfield>
    <subfield code="o">620.103 HIB</subfield>
    <subfield code="p">NIT-BB1922</subfield>
    <subfield code="r">2024-02-01</subfield>
    <subfield code="s">2023-10-10</subfield>
    <subfield code="w">2019-09-23</subfield>
    <subfield code="y">BK</subfield>
  </datafield>
  <datafield tag="952" ind1=" " ind2=" ">
    <subfield code="0">0</subfield>
    <subfield code="1">0</subfield>
    <subfield code="2">ddc</subfield>
    <subfield code="4">0</subfield>
    <subfield code="7">0</subfield>
    <subfield code="a">NIT</subfield>
    <subfield code="b">NIT</subfield>
    <subfield code="d">2019-09-23</subfield>
    <subfield code="l">5</subfield>
    <subfield code="m">3</subfield>
    <subfield code="o">620.103 HIB</subfield>
    <subfield code="p">NIT-BB1923</subfield>
    <subfield code="q">2026-03-01</subfield>
    <subfield code="r">2026-01-30</subfield>
    <subfield code="s">2026-01-30</subfield>
    <subfield code="w">2019-09-23</subfield>
    <subfield code="y">BK</subfield>
  </datafield>
  <datafield tag="952" ind1=" " ind2=" ">
    <subfield code="0">0</subfield>
    <subfield code="1">0</subfield>
    <subfield code="2">ddc</subfield>
    <subfield code="4">0</subfield>
    <subfield code="7">0</subfield>
    <subfield code="a">NIT</subfield>
    <subfield code="b">NIT</subfield>
    <subfield code="d">2019-09-23</subfield>
    <subfield code="l">5</subfield>
    <subfield code="m">1</subfield>
    <subfield code="o">620.103 HIB</subfield>
    <subfield code="p">NIT-BB1924</subfield>
    <subfield code="r">2024-01-29</subfield>
    <subfield code="s">2023-09-28</subfield>
    <subfield code="w">2019-09-23</subfield>
    <subfield code="y">BK</subfield>
  </datafield>
  <datafield tag="952" ind1=" " ind2=" ">
    <subfield code="0">0</subfield>
    <subfield code="1">0</subfield>
    <subfield code="2">ddc</subfield>
    <subfield code="4">0</subfield>
    <subfield code="7">0</subfield>
    <subfield code="a">NIT</subfield>
    <subfield code="b">NIT</subfield>
    <subfield code="d">2019-09-23</subfield>
    <subfield code="l">4</subfield>
    <subfield code="m">4</subfield>
    <subfield code="o">620.103 HIB</subfield>
    <subfield code="p">NIT-BB1925</subfield>
    <subfield code="r">2025-09-12</subfield>
    <subfield code="s">2023-09-28</subfield>
    <subfield code="w">2019-09-23</subfield>
    <subfield code="y">BK</subfield>
  </datafield>
  <datafield tag="952" ind1=" " ind2=" ">
    <subfield code="0">0</subfield>
    <subfield code="1">0</subfield>
    <subfield code="2">ddc</subfield>
    <subfield code="4">0</subfield>
    <subfield code="7">0</subfield>
    <subfield code="a">NIT</subfield>
    <subfield code="b">NIT</subfield>
    <subfield code="d">2019-09-23</subfield>
    <subfield code="l">0</subfield>
    <subfield code="o">620.103 HIB</subfield>
    <subfield code="p">NIT-BB1926</subfield>
    <subfield code="r">2019-09-23</subfield>
    <subfield code="w">2019-09-23</subfield>
    <subfield code="y">BK</subfield>
  </datafield>
  <datafield tag="952" ind1=" " ind2=" ">
    <subfield code="0">0</subfield>
    <subfield code="1">0</subfield>
    <subfield code="2">ddc</subfield>
    <subfield code="4">0</subfield>
    <subfield code="7">0</subfield>
    <subfield code="a">NIT</subfield>
    <subfield code="b">NIT</subfield>
    <subfield code="d">2019-09-23</subfield>
    <subfield code="l">3</subfield>
    <subfield code="m">3</subfield>
    <subfield code="o">620.103 HIB</subfield>
    <subfield code="p">NIT-BB1927</subfield>
    <subfield code="r">2024-01-12</subfield>
    <subfield code="s">2023-12-13</subfield>
    <subfield code="w">2019-09-23</subfield>
    <subfield code="y">BK</subfield>
  </datafield>
  <datafield tag="952" ind1=" " ind2=" ">
    <subfield code="0">0</subfield>
    <subfield code="1">0</subfield>
    <subfield code="2">ddc</subfield>
    <subfield code="4">0</subfield>
    <subfield code="7">0</subfield>
    <subfield code="a">NIT</subfield>
    <subfield code="b">NIT</subfield>
    <subfield code="d">2019-09-23</subfield>
    <subfield code="l">4</subfield>
    <subfield code="m">3</subfield>
    <subfield code="o">620.103 HIB</subfield>
    <subfield code="p">NIT-BB1928</subfield>
    <subfield code="r">2024-02-01</subfield>
    <subfield code="s">2023-09-21</subfield>
    <subfield code="w">2019-09-23</subfield>
    <subfield code="y">BK</subfield>
  </datafield>
  <datafield tag="952" ind1=" " ind2=" ">
    <subfield code="0">0</subfield>
    <subfield code="1">0</subfield>
    <subfield code="2">ddc</subfield>
    <subfield code="4">0</subfield>
    <subfield code="7">0</subfield>
    <subfield code="a">NIT</subfield>
    <subfield code="b">NIT</subfield>
    <subfield code="d">2019-09-23</subfield>
    <subfield code="l">5</subfield>
    <subfield code="m">3</subfield>
    <subfield code="o">620.103 HIB</subfield>
    <subfield code="p">NIT-BB1929</subfield>
    <subfield code="r">2024-01-12</subfield>
    <subfield code="s">2023-09-25</subfield>
    <subfield code="w">2019-09-23</subfield>
    <subfield code="y">BK</subfield>
  </datafield>
  <datafield tag="952" ind1=" " ind2=" ">
    <subfield code="0">0</subfield>
    <subfield code="1">0</subfield>
    <subfield code="2">ddc</subfield>
    <subfield code="4">0</subfield>
    <subfield code="7">0</subfield>
    <subfield code="a">NIT</subfield>
    <subfield code="b">NIT</subfield>
    <subfield code="d">2019-09-23</subfield>
    <subfield code="l">2</subfield>
    <subfield code="o">620.103 HIB</subfield>
    <subfield code="p">NIT-BB1930</subfield>
    <subfield code="r">2024-02-14</subfield>
    <subfield code="s">2023-10-18</subfield>
    <subfield code="w">2019-09-23</subfield>
    <subfield code="y">BK</subfield>
  </datafield>
  <datafield tag="952" ind1=" " ind2=" ">
    <subfield code="0">0</subfield>
    <subfield code="1">0</subfield>
    <subfield code="2">ddc</subfield>
    <subfield code="4">0</subfield>
    <subfield code="7">0</subfield>
    <subfield code="a">NIT</subfield>
    <subfield code="b">NIT</subfield>
    <subfield code="d">2019-09-23</subfield>
    <subfield code="l">3</subfield>
    <subfield code="m">1</subfield>
    <subfield code="o">620.103 HIB</subfield>
    <subfield code="p">NIT-BB1931</subfield>
    <subfield code="r">2025-05-27</subfield>
    <subfield code="s">2023-09-22</subfield>
    <subfield code="w">2019-09-23</subfield>
    <subfield code="y">BK</subfield>
  </datafield>
  <datafield tag="952" ind1=" " ind2=" ">
    <subfield code="0">0</subfield>
    <subfield code="1">0</subfield>
    <subfield code="2">ddc</subfield>
    <subfield code="4">0</subfield>
    <subfield code="7">0</subfield>
    <subfield code="a">NIT</subfield>
    <subfield code="b">NIT</subfield>
    <subfield code="d">2019-09-23</subfield>
    <subfield code="l">5</subfield>
    <subfield code="m">2</subfield>
    <subfield code="o">620.103 HIB</subfield>
    <subfield code="p">NIT-BB1932</subfield>
    <subfield code="r">2025-05-30</subfield>
    <subfield code="s">2025-04-28</subfield>
    <subfield code="w">2019-09-23</subfield>
    <subfield code="y">BK</subfield>
  </datafield>
  <datafield tag="952" ind1=" " ind2=" ">
    <subfield code="0">0</subfield>
    <subfield code="1">0</subfield>
    <subfield code="2">ddc</subfield>
    <subfield code="4">0</subfield>
    <subfield code="7">0</subfield>
    <subfield code="a">NIT</subfield>
    <subfield code="b">NIT</subfield>
    <subfield code="d">2019-09-23</subfield>
    <subfield code="l">2</subfield>
    <subfield code="o">620.103 HIB</subfield>
    <subfield code="p">NIT-BB1933</subfield>
    <subfield code="r">2024-01-12</subfield>
    <subfield code="s">2023-09-21</subfield>
    <subfield code="w">2019-09-23</subfield>
    <subfield code="y">BK</subfield>
  </datafield>
  <datafield tag="952" ind1=" " ind2=" ">
    <subfield code="0">0</subfield>
    <subfield code="1">0</subfield>
    <subfield code="2">ddc</subfield>
    <subfield code="4">0</subfield>
    <subfield code="7">0</subfield>
    <subfield code="a">NIT</subfield>
    <subfield code="b">NIT</subfield>
    <subfield code="d">2019-09-23</subfield>
    <subfield code="l">5</subfield>
    <subfield code="m">1</subfield>
    <subfield code="o">620.103 HIB</subfield>
    <subfield code="p">NIT-BB1934</subfield>
    <subfield code="r">2024-01-12</subfield>
    <subfield code="s">2023-10-04</subfield>
    <subfield code="w">2019-09-23</subfield>
    <subfield code="y">BK</subfield>
  </datafield>
  <datafield tag="952" ind1=" " ind2=" ">
    <subfield code="0">0</subfield>
    <subfield code="1">5</subfield>
    <subfield code="2">ddc</subfield>
    <subfield code="4">0</subfield>
    <subfield code="7">0</subfield>
    <subfield code="a">NIT</subfield>
    <subfield code="b">NIT</subfield>
    <subfield code="d">2019-09-23</subfield>
    <subfield code="l">2</subfield>
    <subfield code="m">1</subfield>
    <subfield code="o">620.103 HIB</subfield>
    <subfield code="p">NIT-BB1935</subfield>
    <subfield code="r">2023-10-10</subfield>
    <subfield code="s">2023-10-04</subfield>
    <subfield code="w">2019-09-23</subfield>
    <subfield code="y">BK</subfield>
  </datafield>
  <datafield tag="952" ind1=" " ind2=" ">
    <subfield code="0">0</subfield>
    <subfield code="1">0</subfield>
    <subfield code="2">ddc</subfield>
    <subfield code="4">0</subfield>
    <subfield code="7">0</subfield>
    <subfield code="a">NIT</subfield>
    <subfield code="b">NIT</subfield>
    <subfield code="d">2019-09-23</subfield>
    <subfield code="l">4</subfield>
    <subfield code="m">1</subfield>
    <subfield code="o">620.103 HIB</subfield>
    <subfield code="p">NIT-BB1936</subfield>
    <subfield code="r">2024-01-08</subfield>
    <subfield code="s">2023-01-31</subfield>
    <subfield code="w">2019-09-23</subfield>
    <subfield code="y">BK</subfield>
  </datafield>
  <datafield tag="952" ind1=" " ind2=" ">
    <subfield code="0">0</subfield>
    <subfield code="1">0</subfield>
    <subfield code="2">ddc</subfield>
    <subfield code="4">0</subfield>
    <subfield code="7">0</subfield>
    <subfield code="a">NIT</subfield>
    <subfield code="b">NIT</subfield>
    <subfield code="d">2019-09-23</subfield>
    <subfield code="l">3</subfield>
    <subfield code="m">3</subfield>
    <subfield code="o">620.103 HIB</subfield>
    <subfield code="p">NIT-BB1937</subfield>
    <subfield code="r">2024-01-11</subfield>
    <subfield code="s">2023-10-05</subfield>
    <subfield code="w">2019-09-23</subfield>
    <subfield code="y">BK</subfield>
  </datafield>
  <datafield tag="952" ind1=" " ind2=" ">
    <subfield code="0">0</subfield>
    <subfield code="1">0</subfield>
    <subfield code="2">ddc</subfield>
    <subfield code="4">0</subfield>
    <subfield code="7">0</subfield>
    <subfield code="a">NIT</subfield>
    <subfield code="b">NIT</subfield>
    <subfield code="d">2019-09-23</subfield>
    <subfield code="l">2</subfield>
    <subfield code="o">620.103 HIB</subfield>
    <subfield code="p">NIT-BB1938</subfield>
    <subfield code="r">2023-06-14</subfield>
    <subfield code="s">2020-10-21</subfield>
    <subfield code="w">2019-09-23</subfield>
    <subfield code="y">BK</subfield>
  </datafield>
  <datafield tag="952" ind1=" " ind2=" ">
    <subfield code="0">0</subfield>
    <subfield code="1">0</subfield>
    <subfield code="2">ddc</subfield>
    <subfield code="4">0</subfield>
    <subfield code="7">0</subfield>
    <subfield code="a">NIT</subfield>
    <subfield code="b">NIT</subfield>
    <subfield code="d">2019-09-23</subfield>
    <subfield code="l">3</subfield>
    <subfield code="o">620.103 HIB</subfield>
    <subfield code="p">NIT-BB1939</subfield>
    <subfield code="r">2025-05-30</subfield>
    <subfield code="s">2025-05-19</subfield>
    <subfield code="w">2019-09-23</subfield>
    <subfield code="y">BK</subfield>
  </datafield>
</record>
